[Event "Sonderjysk-ch C"]
[Site "Haderslev"]
[Date "2013.06.03"]
[Round "5"]
[White "Christensen, Karl Martin"]
[Black "Jorgensen, Palle Gejl"]
[Result "0-1"]
[WhiteElo "1378"]
[BlackElo "1408"]
[PlyCount "26"]
[EventDate "2013.04.29"]
[EventType "swiss"]
[EventRounds "5"]
[EventCountry "DEN"]
[SourceTitle "EXT 2023"]
[Source "ChessBase"]
[SourceDate "2022.10.05"]
[SourceVersion "1"]
[SourceVersionDate "2022.10.05"]
[SourceQuality "1"]

1. c4 e5 2. Nc3 Nf6 3. e4 Bc5 4. d3 Nc6 5. Bg5 h6 6. Bh4 g5 7. Bg3 d6 8. h3 Bd7 9. Qd2 a6 10. f3 Qe7 11. Bf2 Nd4 12. Nge2 0-0-0 13. g4 Nxf3+ 0-1